Statistics for U.S. History Timeline Quiz

Click here to take the quiz!

General Stats

  • This quiz has been taken 35,387 times
    (34,679 since last reset)
  • The average score is 22 of 33

Answers on the Map

Answers color-coded by a green-red scale on the quiz's map according to % correct below.
 

Answer Stats

Answer% Correct
World War I
94%
World War II
94%
American Civil War
92%
Assassination of John F. Kennedy
86%
September 11 Attacks
86%
Vietnam War
85%
Assassination of Abraham Lincoln
81%
Declaration of Independence
81%
Attack on Pearl Harbor
79%
Korean War
78%
Iraq War
77%
Great Depression
76%
Revolutionary War
75%
War in Afghanistan
75%
Cold War
69%
Louisiana Purchase
69%
Spanish-American War
66%
War of 1812
65%
Normandy Landings
64%
Mexican-American War
61%
Assassination of Martin Luther King, Jr
58%
Gulf War
57%
Alaska Purchase
56%
Battle of Gettysburg
53%
Boston Tea Party
53%
Colonization
52%
Texas Annexation
50%
Wall Street Crash of 1929
50%
First Moon Landing
49%
Roaring Twenties
49%
Constitution of the United States signed
44%
Battle of Midway
36%
Great Recession
28%

Score Distribution

Percentile by Number Answered

Percent of People with Each Score

Your Score History

You have not taken this quiz since the last reset